[Event "Stay Safe Play From Home 305"]
[Site "Emanuel Lasker Arena"]
[Date "2020.07.15"]
[Round "5"]
[White "Fischer_11"]
[Black "NeatFox"]
[Result "1-0"]
[WhiteElo "2002"]
[BlackElo "1824"]
[Annotator "NA RC"]
[PlyCount "85"]
[EventDate "2020.07.15"]
[EventType "swiss (blitz)"]

1. e4 {[%emt 0:00:02]} e5 {[%emt 0:00:03]} 2. Nc3 {[%emt 0:00:01]} Nc6 {[%emt 0:00:00]} 3. Bc4 {[%emt 0:00:01]} d6 {[%emt 0:00:01]} 4. d3 {[%emt 0:00:01]} Be6 {[%emt 0:00:00]} 5. Bb5 {[%emt 0:00:01]} Bd7 {[%emt 0:00:01]} 6. f4 {[%emt 0:00:01]} exf4 {[%emt 0:00:01]} 7. Bxf4 {[%emt 0:00:00]} Be7 {[%emt 0:00:00]} 8. Nf3 {[%emt 0:00:01]} Nf6 {[%emt 0:00:02]} 9. O-O {[%emt 0:00:00]} O-O {[%emt 0:00:00]} 10. Qe1 {[%emt 0:00:01]} Ne5 {[%emt 0:00:01]} 11. Nxe5 {[%emt 0:00:06]} Bxb5 {[%emt 0:00:01]} 12. Nxb5 {[%emt 0:00:01]} dxe5 {[%emt 0:00:01]} 13. Bxe5 {[%emt 0:00:01]} c6 {[%emt 0:00:02]} 14. Nc3 {[%emt 0:00:02]} Nd7 {[%emt 0:00:04]} 15. Bd4 {[%emt 0:00:02]} c5 {[%emt 0:00:02]} 16. Be3 {[%emt 0:00:01]} b6 {[%emt 0:00:01]} 17. Nd5 {[%emt 0:00:01]} Bd6 {[%emt 0:00:01]} 18. Qf2 {[%emt 0:00:04]} f6 {[%emt 0:00:01]} 19. Nf4 {[%emt 0:00:02]} Re8 {[%emt 0:00:05]} 20. c3 {[%emt 0:00:02]} Ne5 {[%emt 0:00:01]} 21. Rad1 {[%emt 0:00:03]} Rc8 {[%emt 0:00:02]} 22. h3 {[%emt 0:00:01]} Bb8 {[%emt 0:00:01]} 23. Nd5 {[%emt 0:00:01]} Qd6 {[%emt 0:00:02]} 24. Bf4 {[%emt 0:00:01]} b5 {[%emt 0:00:04]} 25. d4 {[%emt 0:00:01]} cxd4 {[%emt 0:00:01]} 26. cxd4 {[%emt 0:00:00]} Qb6 {[%emt 0:00:05]} 27. dxe5 {[%emt 0:00:01]} Qc6 {[%emt 0:00:04]} 28. exf6 {[%emt 0:00:02]} Bxf4 {[%emt 0:00:01]} 29. f7+ {[%emt 0:00:06]} Kxf7 {[%emt 0:00:00]} 30. Qxf4+ {[%emt 0:00:01]} Kg8 {[%emt 0:00:01]} 31. Qf7+ {[%emt 0:00:02]} Kh8 {[%emt 0:00:01]} 32. Ne7 {[%emt 0:00:01]} Red8 {[%emt 0:00:05]} 33. Nxc6 {[%emt 0:00:01]} Rg8 {[%emt 0:00:04]} 34. Ne7 {[%emt 0:00:02]} h6 {[%emt 0:00:00]} 35. Qxg8+ {[%emt 0:00:01]} Rxg8 {[%emt 0:00:01]} 36. Nxg8 {[%emt 0:00:00]} Kxg8 {[%emt 0:00:00]} 37. Rd7 {[%emt 0:00:00]} Kh7 {[%emt 0:00:00]} 38. Rxa7 {[%emt 0:00:00]} h5 {[%emt 0:00:00]} 39. Rff7 {[%emt 0:00:01]} Kh6 {[%emt 0:00:00]} 40. Rxg7 {[%emt 0:00:00]} h4 {[%emt 0:00:01]} 41. Rgc7 {[%emt 0:00:00]} Kg5 {[%emt 0:00:00]} 42. Rc5+ {[%emt 0:00:00]} Kf4 {[%emt 0:00:00]} 43. Kf2 {[%emt 0:00:00] Zeit (Lag: Av=0.34s, max=0.7s)} 1-0

[Event "Stay Safe Play From Home 305"]
[Site "Emanuel Lasker Arena"]
[Date "2020.07.15"]
[Round "6"]
[White "Tolka"]
[Black "NTBT_DHS"]
[Result "0-1"]
[WhiteElo "2341"]
[BlackElo "2524"]
[Annotator "TA"]
[PlyCount "94"]
[EventDate "2020.07.15"]
[EventType "swiss (blitz)"]

{[%evp 10,94,73,48,114,53,79,72,72,53,85,68,87,104,110,75,107,60,56,36,57,8,17,-227,-236,-237,-231,-229,-208,-207,-179,-249,-184,-218,-201,-254,-222,-233,-114,-836,-193,-193,-211,-222,-185,-252,-124,-227,-174,-183,-151,-408,-189,-308,-147,-205,-194,-300,-295,-287,-283,-445,-435,-687,-458,-724,-490,-772,-741,-983,-975,-940,-775,-774,-755,-793,-789,-10052,-6281,-29984,-29985,-29985,-29958,-7228,-7380,-5218,-5214]} 1. e4 g6 2. d4 Bg7 3. Nc3 d6 4. f4 Nd7 5. Nf3 c5 6. d5 Ngf6 {A43: Schmid Benoni.} (6... Bxc3+ $14 7. bxc3 Qa5) 7. Bd3 (7. e5 $16) 7... a6 8. a4 Qc7 {[#] White is better.} 9. O-O $146 ({Predecessor:} 9. Nd2 O-O 10. O-O b6 11. Nc4 Rb8 12. Na3 Bb7 13. Qe1 Rbe8 14. Qh4 e6 15. f5 exf5 16. exf5 {0-1 (29) Werner,D-Mubedi,M Kassel 1976}) 9... Rb8 10. a5 b5 11. axb6 $1 Rxb6 12. Nd2 O-O 13. Nc4 Rb4 14. Bd2 Nb6 15. Nxb6 Qxb6 16. Na4 $2 {[#]} (16. Kh1 $1 $11 {and White stays safe.}) 16... Rxa4 $1 $19 {[%mdl 512]} 17. Rxa4 {aiming for Qe1.} c4+ $1 {[%mdl 64] Discovered Attack} 18. Kh1 {Hoping for Rb4.} cxd3 19. cxd3 Qxb2 20. Rc4 (20. Rb4 {was called for.} Qa3 21. Qb1) 20... Qb6 21. Bc3 Ng4 {Threatens to win with ...Bxc3.} 22. Qe2 Bxc3 23. Rxc3 h5 (23... Bd7 $19 {and Black stays clearly on top.} 24. h3 Nf6) 24. Rfc1 $2 {[%mdl 8192]} (24. h3 $17 Nf6 25. Rc6) 24... Bd7 $2 (24... Nf2+ 25. Kg1 Nxe4+ {[%mdl 64] Discovered Attack} 26. Kf1 Nxc3 27. Rxc3 Bf5) 25. h3 Nf6 $1 26. Kh2 Re8 27. Qf3 (27. Qe1 {was worth a try.}) 27... Ba4 (27... h4 $19 28. Qe2 Nh5) 28. Rc7 (28. e5 $17 {is a better defense.} dxe5 29. fxe5) 28... Bb5 29. e5 Nh7 30. e6 $2 (30. Qe2 $17) 30... fxe6 (30... f5 $142 31. Qg3 Kg7) 31. dxe6 (31. Qe4 $142 Kh8 32. dxe6) 31... Nf8 (31... Qd4 $19 {is more deadly.} 32. Rc8 Nf6 33. Rxe8+ Nxe8) 32. f5 (32. Rc8 $17 {was necessary.} Rxc8 33. Rxc8) 32... Qd4 $1 {[%cal Rd4e5] White must now prevent ...Qe5+.} 33. Rf1 (33. fxg6 $142 Kg7 34. Qxh5) 33... Qe5+ ({Worse is} 33... Bxd3 {[#]} 34. fxg6 $1 {[%mdl 512]} Bxg6 35. Qf7+ $1 {[%mdl 512]} Kh8 36. Qxe8 $1 $11 {[%mdl 512]}) (33... Qxd3 34. f6 $17) 34. Kh1 Qxf5 35. Qd1 (35. Qxf5 {was the only defense.} gxf5 36. Rxf5) 35... Qxe6 36. d4 (36. Re1 $142 Qf7 37. Qe2) 36... Qd5 37. Rc3 (37. Re1 $142 Ne6 {[%mdl 64] Double Attack} 38. Qc2) 37... Ne6 38. Rcf3 (38. Re1 $142) 38... Ng5 39. Rg3 Bxf1 40. Qxf1 h4 41. Rg4 Rf8 42. Qc1 Rf5 43. Qc8+ Kg7 {( -> ...Rf1+)} 44. Qc1 Nxh3 45. Kh2 Ng5 46. Qe3 {[#]} h3 $1 47. Qxe7+ (47. gxh3 Nf3+) 47... Nf7 {Accuracy: White = 19%, Black = 41%.} 0-1

[Event "Stay Safe Play From Home 305"]
[Site "Emanuel Lasker Arena"]
[Date "2020.07.15"]
[Round "6"]
[White "Weltszmerc"]
[Black "Scorpio New"]
[Result "1-0"]
[WhiteElo "2135"]
[BlackElo "2072"]
[Annotator "TA"]
[PlyCount "71"]
[EventDate "2020.07.15"]
[EventType "swiss (blitz)"]

{[%evp 9,71,37,50,36,64,58,65,60,84,79,82,77,105,113,96,-16,-20,-22,-10,-23,0,0,60,0,50,28,42,0,72,7,0,10,73,34,175,175,169,167,166,166,218,217,243,217,243,243,233,213,234,205,203,211,679,689,747,713,729,732,791,808,1002,994,29998,29999]} 1. d4 d6 2. c4 g6 3. Nc3 Bg7 4. e4 Nd7 5. Nge2 c6 6. f3 {[#] A42: Modern Defence: Averbakh Variation.} Qc7 $146 ({Predecessor:} 6... e5 7. d5 c5 8. g4 Qh4+ 9. Ng3 f5 10. gxf5 gxf5 11. Nb5 Ke7 12. exf5 Ndf6 {0-1 (42) Bubnov,K (2163)-Durica,A (1761) Liptovsky Mikulas 2016}) 7. Be3 e5 8. Qd2 {White is slightly better.} h5 9. O-O-O Ngf6 10. Kb1 a5 11. dxe5 dxe5 12. Qd6 ({White should play} 12. Na4 $16) 12... Qxd6 $11 13. Rxd6 Bf8 14. Rd1 Bc5 15. Bg5 O-O (15... Nh7 $11 16. Bh4 a4) 16. Nc1 (16. Na4 $14 Bf2 17. Nc1) 16... Nh7 17. Bh6 Re8 18. Nd3 Bb4 (18... Bd4 $11) 19. Nxb4 (19. Be3 $16) 19... axb4 20. Ne2 Nc5 (20... Nhf8 $11) 21. Bd2 Nd3 {This costs Black the game.} ({Black should try} 21... b3 $14 22. a3 Rd8) 22. Be3 $36 {[%mdl 2048] Keeping Black busy.} Nf4 23. Nxf4 exf4 24. Bxf4 Be6 (24... c5 {was necessary.} 25. Rd6 Nf8) 25. Bd6 b5 26. Bxb4 bxc4 27. Bc3 Nf8 28. Rd4 c5 29. Rd2 Nd7 30. Be2 Nf6 $2 {[#]} (30... Nb6 31. Rc2 f5) 31. Bxf6 Ra6 32. Bc3 Rea8 33. a3 Rc6 34. Rhd1 {[#] Threatens to win with Rd8+.} Rac8 35. Rd8+ Rxd8 36. Rxd8+ {Accuracy: White = 70%, Black = 35%.} 1-0

[Event "Stay Safe Play From Home 305"]
[Site "Emanuel Lasker Arena"]
[Date "2020.07.15"]
[Round "6"]
[White "Lamborghini"]
[Black "Broken sword"]
[Result "1-0"]
[WhiteElo "2103"]
[BlackElo "2443"]
[Annotator "TA"]
[PlyCount "123"]
[EventDate "2020.07.15"]
[EventType "swiss (blitz)"]

{[%evp 10,122,45,19,39,33,49,12,11,-38,13,4,16,0,107,100,138,145,138,131,185,187,276,113,108,110,124,114,133,131,123,133,166,148,175,138,208,176,181,182,183,168,179,184,183,162,227,48,189,179,978,982,971,966,960,936,1059,1045,1260,1145,1141,1129,29979,29980,12795,11367,29983,29984,29985,29986,29987,29987,29988,29988,29990,29989,29993,29994,29994,29994,29994,29994,29996,29995,29995,29995,29995,29995,29999,29993,29993,29994,29994,29995,29995,29996,29996,29997,29997,29997,29997,29997,29997,29997,29997,29996,29997,29996,29996,29997,29997,29998,29998,29999,29999]} 1. e4 e6 2. d4 c5 3. Nf3 a6 4. Nc3 cxd4 5. Nxd4 Nc6 6. Be3 d5 {B46: Sicilian: Taimanov: 5 Nc3 a6.} 7. exd5 exd5 {[#]} 8. Qf3 $146 ({Predecessor:} 8. Be2 Nf6 9. O-O Be7 10. Nxc6 bxc6 11. Na4 O-O 12. c4 Be6 13. Rc1 a5 14. Bb6 {1-0 (28) Hamdouchi,H (2562)-Derr,J (1869) Paris 2019}) 8... Nf6 {The position is equal.} 9. Qg3 Bb4 (9... Bd6 $15 10. Qh4 (10. Qxg7 $2 Rg8 $17) 10... O-O) 10. Qxg7 $11 Rg8 11. Qh6 $36 {[%mdl 2048] White has good play.} Bxc3+ (11... Qe7 $11 {keeps the balance.} 12. Nxc6 bxc6) 12. bxc3 $16 Nxd4 13. Bxd4 Qe7+ 14. Kd1 Ne4 (14... Rg6 $16 {was worth a try.} 15. Qf4 Ne4) 15. f3 $18 Nd6 (15... Qg5 {was called for.} 16. Qxg5 Nxg5) 16. Qe3 (16. Qxh7 $18 {and White stays clearly on top.} Qf8 17. Bc5) 16... Qxe3 $16 17. Bxe3 Be6 18. Bd4 Nf5 19. g4 Nxd4 20. cxd4 Rc8 21. Bd3 Kd7 22. Kd2 Kd6 (22... h5 $16) 23. Bxh7 Rh8 24. Bd3 Rh3 25. Raf1 Rch8 26. Rf2 b5 27. a3 Kc6 (27... R3h4 $142 28. c3 R8h6) 28. Ke3 $2 ({White should try} 28. g5 $18) 28... Kd6 {Loses the game.} (28... Bxg4 $1 $14 29. a4 Bd7) 29. Kf4 $18 R8h7 $2 (29... R3h4 30. Kg3 Rh3+ 31. Kg2 f5) 30. Bxh7 Rxh7 {[%mdl 4096] Endgame KRR-KRB} 31. h4 a5 32. h5 b4 33. axb4 axb4 34. h6 Kc6 35. Re2 Kb5 {[#]} 36. Rxe6 $1 fxe6 {KR-KR} 37. g5 Rh8 38. g6 {White mates.} Rf8+ 39. Ke5 Rxf3 40. Kxe6 Re3+ 41. Kxd5 Re2 42. g7 Rxc2 43. g8=Q Ka4 44. Qb8 Kb3 45. Rb1+ Kc3 46. Qxb4+ Kd3 47. Rd1+ Ke3 48. Qe1+ Re2 {[#]} 49. Qxe2+ $3 {[%mdl 64] Promotion} Kxe2 {KR-K} 50. Rg1 Kf2 51. Rg7 Kf3 52. h7 Kf4 53. h8=Q Ke3 54. Qf8 Kd3 55. Re7 Kc3 56. Re4 Kd3 57. Qf4 Kc2 58. Ke5 Kb3 59. d5 Kc3 60. Qf3+ Kb2 61. Re2+ Kc1 62. Qf1# {Accuracy: White = 73%, Black = 38%.} 1-0

[Event "Stay Safe Play From Home 305"]
[Site "Emanuel Lasker Arena"]
[Date "2020.07.15"]
[Round "6"]
[White "Lazieri3"]
[Black "SoulofWolf"]
[Result "1-0"]
[WhiteElo "2098"]
[BlackElo "2131"]
[Annotator "TA"]
[PlyCount "121"]
[EventDate "2020.07.15"]
[EventType "swiss (blitz)"]

{[%evp 9,120,-1,22,12,13,12,27,22,37,24,21,22,31,36,116,103,134,123,147,143,155,155,155,151,155,149,168,163,159,156,159,157,168,165,139,135,143,145,150,103,179,176,202,114,191,200,29999,218,29998,846,991,985,29998,1262,1253,1243,1312,1360,1364,931,956,885,931,608,589,586,729,727,774,780,918,915,933,933,905,892,29986,29987,29987,29988,29989,29987,29987,29988,29988,29989,29990,29989,29989,29989,29989,29990,29993,29991,29991,29991,29992,29991,29992,29993,29994,29995,29995,29990,29996,29996,29996,29997,29997,29998,29998,29999,29999]} 1. e4 e6 2. d4 d5 3. exd5 Nf6 4. c3 exd5 5. Nf3 Be7 6. Bf4 {C01: French: Exchange Variation.} O-O 7. Bd3 Bg4 8. O-O {White has an edge.} Nbd7 9. h3 Bh5 10. Nbd2 c5 11. Qc2 {[#]} b6 $146 (11... c4 $14 12. Bf5 Bxf3 13. Nxf3 Re8) ({Predecessor:} 11... Rc8 12. Rfe1 cxd4 13. Nxd4 Bc5 14. N2b3 Bb6 15. Nf5 Ra8 16. Qd2 Nc5 17. Nxc5 Bxc5 {1-0 (37) Ibanez,M (1973)-Savino,H (1859) Montevideo 2017}) 12. Ne5 $36 {[%mdl 2048] Nc6 is the strong threat. White is on the roll.} Rc8 13. Nxd7 Qxd7 14. Bf5 Qc6 15. Bxc8 Rxc8 16. Rfe1 Bg6 17. Qd1 Bd8 18. dxc5 bxc5 19. Nf3 {[%cal Bd2f3,Bf3e5,Be5g4][%mdl 32]} Be4 20. Ne5 Qb7 21. f3 Bf5 22. Qb3 Bb6 {Threatens to win with ...c4+.} 23. Kh1 Be6 24. Qc2 g6 (24... d4 $16 25. Rac1 Nd5) 25. Ng4 $18 Nh5 26. Bh6 (26. Qd2 $18) 26... Bf5 (26... Bc7 $16 {was called for.}) 27. Qd2 Bd8 $2 (27... Be6 $18 28. Bg5 Qb8 29. Nf6+ Nxf6) 28. Bg5 $2 (28. Re8# {mates}) 28... Rc6 $2 (28... Be6 $18 29. Nh6+ Kf8) 29. Bxd8 (29. Re8+ $142 Kg7 30. Bh6#) 29... Ng3+ 30. Kg1 {Intending Re8+ and mate.} Qb8 31. Bf6 (31. Re8+ $142 Kg7 32. Qh6#) 31... Bxg4 32. Be5 Qd8 33. fxg4 Ne4 34. Qh6 {[%csl Ge5][%cal Rh6g7]} Qf8 35. Qxf8+ Kxf8 36. Rxe4 {[%mdl 64] Clearance} dxe4 {[%mdl 4096] Endgame KRB-KR} 37. Rd1 Rc8 38. Rd7 Ke8 39. Rxa7 c4 40. Bf6 e3 41. Re7+ Kf8 42. Rxe3 Re8 {[#]} 43. Bg7+ $1 {[%mdl 64] Deflection. White mates.} Kxg7 44. Rxe8 {KR-KP} Kf6 45. Rc8 h6 46. Rxc4 {KR-K3P} Kg5 47. Rd4 f6 48. Kh2 h5 49. Kg3 hxg4 50. h4+ Kh6 51. Kxg4 {KR-KPP} Kg7 52. Kf4 f5 53. g4 Kf6 54. gxf5 g5+ 55. hxg5+ {KR-K} Ke7 {[#]} 56. Rd6 $3 Kf7 (56... Kxd6 57. g6) 57. g6+ Kg7 58. Ke5 Kf8 59. f6 {[%cal Rd6d8]} Ke8 60. Ke6 Kf8 61. Rd8# {Accuracy: White = 75%, Black = 39%.} 1-0

[Event "Stay Safe Play From Home 305"]
[Site "Emanuel Lasker Arena"]
[Date "2020.07.15"]
[Round "6"]
[White "Bardellosport"]
[Black "NeatFox"]
[Result "0-1"]
[WhiteElo "2026"]
[BlackElo "1815"]
[Annotator "TA"]
[PlyCount "168"]
[EventDate "2020.07.15"]
[EventType "swiss (blitz)"]

{[%evp 9,167,6,13,0,8,-4,-6,-7,25,21,22,0,8,4,6,-27,-20,-71,-27,-29,35,38,43,21,24,14,28,8,6,-25,17,6,18,0,0,0,0,0,0,0,15,15,15,15,19,10,17,15,29,17,24,4,11,0,24,7,22,0,0,-14,-6,-50,0,-20,34,29,33,29,81,77,91,13,120,143,125,102,97,4,65,30,711,496,435,70,84,0,0,0,0,0,36,0,0,0,0,0,0,0,0,-3906,-2222,-2238,-1878,-12838,-12838,-12835,-11087,-12839,-12839,-12844,-12844,-29983,-29984,-29984,-29985,-29987,-29988,-29989,-29989,-29990,-29990,-29991,-29992,-29992,-12849,-12849,-12850,-12850,-12850,-12851,-27999,-27999,-27999,-27999,-27999,-27999,-27999,-27999,-27999,-27999,-27999,-27999,-27999,-27999,-27999,-27999,-27994,-27995,-27994,-27995,-27995,-27996,-27996,-27997,-27997,-27998,-27998,-27999,-27999,-27999]} 1. d4 c6 2. e3 d5 3. f4 g6 4. Nf3 Bg7 5. Bd3 Nf6 {[#]} 6. Qe2 $146 {D00: 1 d4 d5: Unusual lines.} ({Predecessor:} 6. c3 O-O 7. O-O Nbd7 8. Nbd2 c5 9. Ne5 Qc7 10. Qf3 b6 11. a4 a6 12. h3 {0-1 (62) Malakhova,E (2281)-Khegay,D (2528) chess.com INT 2020}) 6... O-O 7. c3 Ne4 8. Nbd2 {The position is equal.} Nxd2 9. Bxd2 Nd7 10. Ne5 Nf6 11. O-O Ne4 12. Bxe4 dxe4 13. g4 (13. Rfd1 $11) 13... f5 (13... f6 $5 {[%cal Rf6e5]} 14. Nc4 Qd5 $15) 14. Qc4+ e6 (14... Qd5 $1 $11) 15. gxf5 $14 gxf5 16. Qe2 Bd7 17. Rf2 Bxe5 18. fxe5 Kh8 19. Kh1 Rg8 20. Rg1 Qe7 21. Be1 Rxg1+ 22. Kxg1 Rg8+ 23. Rg2 Rxg2+ 24. Qxg2 Qg7 25. Bh4 {Threatening mate with Bf6!} Qxg2+ 26. Kxg2 $11 {[%mdl 4096] Endgame KB-KB} Kg8 27. Bf6 Kf7 28. Kg3 a6 29. a3 Kg6 30. Kh4 Be8 31. Kg3 Bd7 32. h4 Be8 33. Kf2 Kh5 34. Ke2 Kg4 35. Kd2 Kf3 36. c4 Kf2 (36... f4 $11 37. Bg5 fxe3+ 38. Bxe3 a5) 37. Bg5 $1 $14 Bh5 38. Bf4 Bf3 (38... Be8 $11) 39. Kc3 $16 Ke2 {[#]} 40. b4 (40. d5 $1 $16 {[%mdl 512] aiming for d6.} cxd5 41. cxd5 exd5 42. e6) 40... Kd1 (40... Bh5 $11) 41. d5 cxd5 42. cxd5 exd5 {[#]} 43. Kd4 (43. a4 $1 $16) 43... Bh5 ({Better is} 43... Kc2 $11) 44. Kxd5 Bf7+ $2 {[%mdl 8192]} (44... Kc2 $11) 45. Kd6 Kc2 46. Kc7 $2 (46. Kd7 $18) 46... b5 47. Kd6 (47. Kb7 $16) 47... Be8 $11 48. e6 Kb3 49. Ke7 Bc6 50. Kd6 Be8 51. e7 Kxa3 52. Kc5 Kb3 53. Bc7 Kc3 54. Ba5 $2 {[%mdl 8192]} (54. Bg3 $11) 54... Kd3 55. Kd6 Kxe3 56. Kc7 Kf2 57. Kd8 Bf7 58. e8=Q Bxe8 59. Kxe8 $19 {KB-KP} e3 60. Bb6 f4 61. Kf7 f3 62. Kf6 Ke2 63. Kf5 f2 64. Ke5 f1=Q 65. Kd6 Qf6+ 66. Kc7 Qxh4 (66... Kd3 $142 67. Bxe3 Kxe3 68. Kb7 Kd4 69. Ka7 Kd5 70. Kb7 Qc6+ 71. Kb8 Qd7 72. h5 Kc6 73. h6 Qb7#) 67. Kb7 Qf6 {( -> ...Kd3)} 68. Kxa6 {[#]} Qxb6+ $1 {[%mdl 64] Promotion} 69. Kxb6 Kd3 70. Kxb5 {KPP-KP. Black mates.} Kc3 71. Kc6 Kxb4 {KP-KP} 72. Kd5 e2 73. Ke4 e1=Q+ 74. Kf5 Qc3 75. Kg5 Qc5+ 76. Kh6 Qf5 77. Kg7 Qe6 78. Kxh7 Qf6 79. Kg8 Qe7 80. Kh8 Kc4 81. Kg8 Kd5 82. Kh8 Ke5 83. Kg8 Kf6 84. Kh8 Qg7# {Quite a comeback for Black. Accuracy: White = 68%, Black = 69%.} 0-1

[Event "Stay Safe Play From Home 305"]
[Site "Emanuel Lasker Arena"]
[Date "2020.07.15"]
[Round "6"]
[White "TheCHESSHOUSE"]
[Black "Fischer_11"]
[Result "1-0"]
[WhiteElo "2026"]
[BlackElo "2011"]
[Annotator "NA RC"]
[PlyCount "71"]
[EventDate "2020.07.15"]
[EventType "swiss (blitz)"]

1. d4 {[%emt 0:00:04]} e5 {[%emt 0:00:01]} 2. dxe5 {[%emt 0:00:01]} Nc6 {[%emt 0:00:00]} 3. c4 {[%emt 0:00:01]} Nxe5 {[%emt 0:00:01]} 4. e3 {[%emt 0:00:01]} Nf6 {[%emt 0:00:01]} 5. Nc3 {[%emt 0:00:01]} Bb4 {[%emt 0:00:00]} 6. Nf3 {[%emt 0:00:00]} Bxc3+ {[%emt 0:00:03]} 7. bxc3 {[%emt 0:00:01]} Nxf3+ {[%emt 0:00:01]} 8. Qxf3 {[%emt 0:00:00]} O-O {[%emt 0:00:01]} 9. Bd3 {[%emt 0:00:01]} d5 {[%emt 0:00:01]} 10. cxd5 {[%emt 0:00:01]} Qxd5 {[%emt 0:00:00]} 11. Qe2 {[%emt 0:00:02]} Bg4 {[%emt 0:00:02]} 12. f3 {[%emt 0:00:01]} Bh5 {[%emt 0:00:01]} 13. O-O {[%emt 0:00:01]} Rfe8 {[%emt 0:00:01]} 14. e4 {[%emt 0:00:01]} Qd6 {[%emt 0:00:04]} 15. Be3 {[%emt 0:00:01]} Rad8 {[%emt 0:00:01]} 16. Rad1 {[%emt 0:00:01]} Qa3 {[%emt 0:00:05]} 17. Bc4 {[%emt 0:00:02]} Rxd1 {[%emt 0:00:03]} 18. Rxd1 {[%emt 0:00:00]} Nxe4 {[%emt 0:00:02]} 19. Bd4 {[%emt 0:00:06]} Nd6 {[%emt 0:00:05]} 20. Qd3 {[%emt 0:00:03]} Nxc4 {[%emt 0:00:03]} 21. Qxc4 {[%emt 0:00:00]} Qd6 {[%emt 0:00:04]} 22. h3 {[%emt 0:00:04]} b6 {[%emt 0:00:02]} 23. Qb5 {[%emt 0:00:01]} Qe7 {[%emt 0:00:08]} 24. Qxh5 {[%emt 0:00:03]} h6 {[%emt 0:00:02]} 25. Qg4 {[%emt 0:00:02]} g6 {[%emt 0:00:02]} 26. Qg3 {[%emt 0:00:02]} c5 {[%emt 0:00:01]} 27. Bf2 {[%emt 0:00:01]} Qe2 {[%emt 0:00:00]} 28. Re1 {[%emt 0:00:01]} Qe5 {[%emt 0:00:00]} 29. Rxe5 {[%emt 0:00:01]} Rxe5 {[%emt 0:00:00]} 30. Qxe5 {[%emt 0:00:00]} Kh7 {[%emt 0:00:00]} 31. Be3 {[%emt 0:00:01]} h5 {[%emt 0:00:00]} 32. Qf6 {[%emt 0:00:01]} h4 {[%emt 0:00:02]} 33. Bf4 {[%emt 0:00:01]} Kg8 {[%emt 0:00:01]} 34. Be5 {[%emt 0:00:00]} Kf8 {[%emt 0:00:00]} 35. Bd6+ {[%emt 0:00:01]} Ke8 {[%emt 0:00:00]} 36. Qe7# {[%emt 0:00:01] (Lag: Av=0.54s, max=0.8s)} 1-0

[Event "Stay Safe Play From Home 305"]
[Site "Emanuel Lasker Arena"]
[Date "2020.07.15"]
[Round "6"]
[White "Klasman"]
[Black "Mepe_Nika"]
[Result "0-1"]
[WhiteElo "1300"]
[BlackElo "2343"]
[Annotator "TA"]
[PlyCount "28"]
[EventDate "2020.07.15"]
[EventType "swiss (blitz)"]

{[%evp 9,28,-49,6,10,110,121,113,98,108,87,76,63,106,55,78,62,85,-606,-620,-629,47]} 1. f4 d5 2. Nf3 Nf6 3. e3 Bf5 4. c4 e6 5. Qb3 b6 {[#]} (5... Na6 $15) 6. Nc3 $146 {A03: Bird's Opening with 1...d5.} ({Predecessor:} 6. Nd4 Bxb1 7. Rxb1 Ne4 8. g3 Qd7 9. d3 Nc5 10. Qc2 a5 11. Bg2 c6 12. a3 {1-0 (30) Csordas,P (1617)-Horvath,C (1802) Hungary 2015}) 6... Nbd7 (6... c6 $11 {remains equal.}) 7. cxd5 $16 exd5 8. Nxd5 {White is better.} Nc5 9. Nxf6+ Qxf6 10. Qb5+ Bd7 11. Qe2 (11. Qc4 $16) 11... Bd6 $14 12. d4 (12. Ne5 $5) 12... Ne4 13. Ne5 $2 {[%mdl 8192]} (13. a3 $16) 13... Bb4+ $19 14. Kd1 {[#] Qf3 is the strong threat.} O-O-O $2 {[%mdl 32768] Accuracy: White = 61%, Black = 47%. . Sensor Board Error (Ke4/e5)?} ({Black should play} 14... Ba4+ $19 15. b3 Nc3+ {[%mdl 64] Double Attack} 16. Kc2 Nxe2 17. bxa4 Qf5+ 18. Kb3 Qe6+ 19. Kxb4 a5+ 20. Ka3 Qd6+ 21. Kb3 Qb4+ 22. Kc2 Qc3+ {[%mdl 64] Double Attack} 23. Kd1 Nxd4 24. exd4 O-O-O 25. Ba6+ Kb8) 0-1

[Event "Stay Safe Play From Home 305"]
[Site "Emanuel Lasker Arena"]
[Date "2020.07.15"]
[Round "7"]
[White "NTBT_DHS"]
[Black "Weltszmerc"]
[Result "1-0"]
[WhiteElo "2532"]
[BlackElo "2149"]
[Annotator "TA"]
[PlyCount "77"]
[EventDate "2020.07.15"]
[EventType "swiss (blitz)"]

{[%evp 9,77,-48,-33,-62,-32,-50,101,-37,53,-24,51,8,11,10,21,8,50,45,43,45,55,0,-11,-4,23,-157,51,0,0,0,0,1,13,16,41,14,60,13,25,0,36,0,0,0,0,-6,0,0,0,0,0,-6,0,0,22,0,0,0,0,0,0,0,0,0,0,0,0,0,272,258]} 1. d4 Nf6 2. Nc3 b6 3. Bg5 Bb7 4. f3 d5 5. e3 Nbd7 {[#]} 6. h4 $146 {A45: Trompowsky Attack.} ({Predecessor:} 6. Nh3 h6 7. Bh4 e6 8. Nf2 c5 9. a3 cxd4 10. exd4 g5 11. Bg3 Nh5 12. Ne2 Nxg3 13. Nxg3 {½-½ (71) Gumerov,R (2102)-Jamilov,R (2418) Ufa 2011}) 6... h6 7. Bf4 e6 $2 {[#]} (7... a6 $15 {stays ahead.}) 8. g4 (8. Nb5 $1 $16 {[%cal Rb5c7]} Rc8 9. Nxa7) 8... Bd6 (8... Rc8 $15) 9. Nh3 (9. Bxd6 $1 $14 cxd6 10. Kf2) 9... a6 (9... e5 $11 10. dxe5 Nxe5) 10. Qd2 Qe7 11. O-O-O c5 12. Bg2 b5 13. g5 Nh5 14. Bxd6 Qxd6 15. e4 ({Better is} 15. dxc5 $14 Qxc5 16. Ne2) 15... b4 $11 16. Ne2 $1 c4 17. exd5 $2 {[#]} (17. e5 $1 $11 Qb6 18. Nhf4 Nxf4 19. Nxf4) 17... exd5 $2 ({Black should try} 17... c3 $1 $17 {[%cal Rc3d2]} 18. bxc3 bxc3 19. Qxc3 (19. Nxc3 Qa3+ 20. Kb1 Rc8 $17) 19... Bxd5) 18. Nef4 (18. f4 {is interesting.} c3 19. Qe3+ Kd8 20. Qf3 hxg5 21. fxg5 cxb2+ 22. Kxb2 Rc8 23. Qxf7 Kc7 24. Nhf4) 18... Nxf4 19. Qxf4 Qxf4+ 20. Nxf4 hxg5 21. hxg5 O-O-O 22. Bh3 Kc7 23. Bxd7 Kxd7 24. c3 a5 25. a3 bxa3 26. bxa3 Kd6 27. Rde1 Bc6 28. g6 {Black must now prevent Rxh8.} Rxh1 29. Rxh1 fxg6 {And now ...Rf8 would win.} 30. Nxg6 {[%mdl 4096] Endgame KRB-KRN} Rd7 31. Ne5 Rc7 32. Rg1 {Rg6+ is the strong threat.} Be8 33. Rg5 Re7 34. f4 g6 35. Kd2 Re6 36. Ke3 Rf6 37. Kf3 Ke7 38. Kg3 Ba4 $2 {[%mdl 8192]} (38... a4 $11 {and Black stays safe.}) 39. Nxg6+ {Accuracy: White = 53%, Black = 57%.} 1-0